000 01578cam a22003977a 4500
003 CHAP
005 20250520115629.0
008 030411s2003 mx b r 00010 spa d
010 _a87120
011 _a88092
035 _a98637
040 _cCHAP
090 _aTesis
100 1 0 _aHernández Vargas, Vicente
_954712
245 1 0 _aCaracterización socioeconómica y tecnológica de la producción de chile (Capsicum annum L.) en el Sureste de Durango y su rentabilidad
_c/por Vicente Hernández Vargas
260 _aChapingo, Méx. :
_bEl autor,
_c2003.
300 _a94 h. ;
_bgráfs. ; mapa ; cuadros + anexos
502 _aTesis (Ing. Agroindustrial) -- UACH. Departamento de Ingenieria Agroindustrial
530 _aTambién disponible en línea
590 _aALEPH
_b10
_c20130110
_lUCH01
_h1453
590 _aBATCH-UPD
_b10
_c20130110
_lUCH01
_h0547
590 _aBATCH-UPD
_b10
_c20130410
_lUCH01
_h0229
590 _aBATCH-UPD
_b10
_c20130914
_lUCH01
_h0924
590 _aBATCH-UPD
_b10
_c20140324
_lUCH01
_h1438
590 _aBATCH-UPD
_b10
_c20141002
_lUCH01
_h0817
590 _aCONVERSION
_b10
_c20130109
_lUCH01
_h1348
650 1 4 _aChile (Botánica)
_xCostos de producción.
_922349
650 1 4 _aChile (Botánica)
_xDurango.
_922351
650 1 4 _aChile (Botánica)
_xRendimiento.
_922388
856 _3Finding aid
_uhttp://10.13.5.2/tesis/98637.pdf
_zTeclea aqui
901 _aBK
905 _aMayto Villalobos S.
942 _cFOLL
949 _aTesis
_bBC
_cTES
_d33724000890786
_eTS2
_fc.2
_h40833
_i98637
_si
949 _aTesis
_bBC
_cTES
_d98637123
_eTS1
_h40832
_i98637
_sb
999 _c87120
_d87120